Birth Country of Classical Composers - Statistics

General Stats
  • This quiz has been taken 92 times
  • The average score is 13 of 15
Answer Stats
Composer Birth Country % Correct
Wolfgang Amadeus Mozart Austria
100%
Ludwig van Beethoven Germany
100%
Frédéric Chopin Poland
100%
Claudio Monteverdi Italy
97%
Franz Liszt Hungary
95%
Edvard Grieg Norway
94%
Hector Berlioz France
92%
Mikhail Glinka Russia
91%
Jean Sibelius Finland
90%
Antonín Dvořák Czechia
88%
Edward Elgar United Kingdom
88%
Iannis Xenakis Greece
86%
Henri Vieuxtemps Belgium
75%
George Enescu Romania
66%
Issac Albeniz Spain
66%
No matching quizzes found
Score Distribution
Percent of People with Each Score
Percentile by Number Answered
Your Score History
You have not taken this quiz